Oral Roberts' life story: (Record no. 14244)

000 -LEADER
fixed length control field 00575nam a2200181 a 4500
001 - CONTROL NUMBER
control field :::00012073$&:&@@
003 - CONTROL NUMBER IDENTIFIER
control field OkBaRHE
005 - DATE AND TIME OF LATEST TRANSACTION
control field 20000607103415.0
008 - FIXED-LENGTH DATA ELEMENTS--GENERAL INFORMATION
fixed length control field s1905 j 000 0 eng u
040 ## - CATALOGING SOURCE
Transcribing agency
100 1# - MAIN ENTRY--PERSONAL NAME
Personal name Roberts, Oral.
245 10 - TITLE STATEMENT
Title Oral Roberts' life story:
Remainder of title as told by himself.
260 ## - PUBLICATION, DISTRIBUTION, ETC. (IMPRINT)
Place of publication, distribution, etc Garden City, NY., :
Name of publisher, distributor, etc Country Life Press
Date of publication, distribution, etc c1905
300 ## - PHYSICAL DESCRIPTION
Extent 160 p. ;
Dimensions 21 cm.
650 ## - SUBJECT ADDED ENTRY--TOPICAL TERM
Topical term or geographic name as entry element Roberts, Oral Autobiography
942 ## - ADDED ENTRY ELEMENTS (KOHA)
Source of classification or shelving scheme
Koha item type Books
Copies
Barcode Damaged status Permanent Location Date last seen Withdrawn status Price effective from Source of classification or shelving scheme Not for loan Date acquired Copy number Koha item type Lost status Full call number Shelving location
12073 RHEMA Bible Training College2010-04-14 2010-04-14  2010-04-141Books BX 8776.28 .R62General Stacks